000 00691nam a2200265Ia 4500
005 20260121173621.0
008 008 260114s9999 xx 000 0 eng d
020 _a9784431554479
037 _aEBOOK
040 _aCRL
040 _beng
040 _cCRL
041 _2eng
041 _aeng
084 _qCRL
100 _aKosuke Ohsawa
_91103080
245 0 _aTotal Synthesis of Thielocin B1 as a Protein-Protein Interaction Inhibitor of PAC3 Homodimer
260 _bSpringer
260 _bSpringer
260 _c2015
856 _uhttps://link.springer.com/openurl?genre=book&isbn=978-4-431-55447-9
942 _cEBOOK
999 _c1668825
_d1668825